Association between dietary pattern and B-carotene intake with oral cancer risk /
Saved in:
| Main Author: | |
|---|---|
| Format: | Thesis Book |
| Language: | English |
| Published: |
2012.
|
| Tags: |
Add Tag
No Tags, Be the first to tag this record!
|
| LEADER | 00827cam a2200217 a 4500 | ||
|---|---|---|---|
| 001 | u852543 | ||
| 003 | SIRSI | ||
| 005 | 201203061441 | ||
| 008 | 120306n2012 my a t 000 0 eng m | ||
| 040 | |a UMG | ||
| 096 | |a WU11.1 |b UM 2012 Ngh | ||
| 100 | 1 | |a Ng, Helen Lee Ching. | |
| 245 | 1 | 0 | |a Association between dietary pattern and B-carotene intake with oral cancer risk / |c Helen Ng Lee Ching. |
| 260 | |c 2012. | ||
| 300 | |a xiv, 140 leaves : |b ill. ; |c 30 cm. | ||
| 502 | |a Dissertation (M. Dental Science) -- Jabatan Pergigian Masyarakat, Fakulti Pergigian, Universiti Malaya, 2012. | ||
| 504 | |a Bibliography: leaves 98-108. | ||
| 710 | 2 | |a Universiti Malaya. |b Jabatan Pergigian Masyarakat. | |
| 900 | |a SMT | ||
| 596 | |a 10 | ||
| 999 | |a WU11.1 UM 2012 NGH |w NLM |c 1 |i A514421850 |d 7/3/2012 |f 7/3/2012 |g 1 |l STACKS |m P10PERGIGI |r Y |s Y |t TESIS |u 6/3/2012 | ||
